Tribhuvan University Central Library

Effectiveness of realia over matchstick figures (Record no. 61659)

MARC details
000 -LEADER
fixed length control field 00480 a2200181 4500
041 ## - LANGUAGE CODE
Language code of text/sound track or separate title English
082 ## - DEWEY DECIMAL CLASSIFICATION NUMBER
Classification number CD5597
100 ## - MAIN ENTRY--PERSONAL NAME
Personal name B.C. Reshma
-- 24556
245 ## - TITLE STATEMENT
Title Effectiveness of realia over matchstick figures
260 ## - PUBLICATION, DISTRIBUTION, ETC. (IMPRINT)
Place of publication, distribution, etc Kathmandu
Name of publisher, distributor, etc NP
Date of publication, distribution, etc 2011
502 ## - DISSERTATION NOTE
Dissertation note Dissertation
Degree type Degree in Education
Name of granting institution T.U.
Year degree granted 2011
650 ## - SUBJECT ADDED ENTRY--TOPICAL TERM
Topical term or geographic name as entry element English Grammar
650 ## - SUBJECT ADDED ENTRY--TOPICAL TERM
Topical term or geographic name as entry element Tense
-- 7149
650 ## - SUBJECT ADDED ENTRY--TOPICAL TERM
Topical term or geographic name as entry element Teaching method
-- 22210
650 ## - SUBJECT ADDED ENTRY--TOPICAL TERM
Topical term or geographic name as entry element Sentence
-- 24558
653 ## - INDEX TERM--UNCONTROLLED
Uncontrolled term Education
942 ## - ADDED ENTRY ELEMENTS (KOHA)
Source of classification or shelving scheme Dewey Decimal Classification
Koha item type AS

No items available.